Online Catalogue and eLibrary

Democratisation in South Asia : (Record no. 595)

MARC details
000 -LEADER
fixed length control field 00833cam a2200205 a 4500
001 - CONTROL NUMBER
control field 11836479
005 - DATE AND TIME OF LATEST TRANSACTION
control field 20240322004748.0
008 - FIXED-LENGTH DATA ELEMENTS--GENERAL INFORMATION
fixed length control field 990316s1998 ce b 101 0 eng
020 ## - INTERNATIONAL STANDARD BOOK NUMBER
ISBN 9555800324
040 ## - CATALOGING SOURCE (பட்டியலாக்க மூலம்)
Original cataloging agency DLC
Transcribing agency DLC
Modifying agency DLC
082 00 - DDC Classification
Class No. 324.294
DDC Edition Number 21
Item Number - Author Mark DEM.
245 00 - TITLE STATEMENT
Title Democratisation in South Asia :
Remainder of title the first fifty years /
Statement of responsibility, etc. edited by John M. Richardson, S.W.R. de A. Samarasinghe.
260 ## - PUBLICATION, DISTRIBUTION, ETC.
Place of publication, distribution, etc. Kandy :
Name of publisher, distributor, etc. International Centre for Ethnic Studies,
Date of publication, distribution, etc. 1998.
300 ## - PHYSICAL DESCRIPTION
Extent (e.g. Volumes, Pages etc.) iv, 348 p. ;
500 ## - GENERAL NOTE
General note "International Centre for Ethnic Studies, Kandy, Sri Lanka in association with the Canadian International Development Agency, the Ford Foundation, the Friedrich Ebert Stiftung, the MacArthur Foundation."
650 #0 - SUBJECT ADDED ENTRY--TOPICAL TERM
Topical term or geographic name entry element Democracy
700 1# - ADDED ENTRY--PERSONAL NAME
Personal name Richardson, John M.
Relator term (Role) Editor
700 1# - ADDED ENTRY--PERSONAL NAME
Personal name Samarasinghe, S. W. R. de A.
Relator term (Role) Editor
942 ## - Koha item type (Biblio)
Koha item type Books in Stacks (Lending)
Holdings
Lost status Damaged status Collection code Home library Current library Date acquired Full call number Accession Number Item type
    Lending WERC Library WERC Library 03/22/2024 324.294 DEM. 6004 Books in Stacks (Lending)

© WERC Library